Minería moderna para el progreso de Colombia / (Registro nro. 4654)

Detalles MARC
000 -LEADER
fixed length control field 01033nam a2200253Ia 4500
003 - CONTROL NUMBER IDENTIFIER
control field OSt
005 - DATE AND TIME OF LATEST TRANSACTION
control field 20210908162937.0
008 - FIXED-LENGTH DATA ELEMENTS--GENERAL INFORMATION
fixed length control field 191128s2014 ck ado fr 000 0 spa d
020 ## - INTERNATIONAL STANDARD BOOK NUMBER
International Standard Book Number 9789585837102
040 ## - CATALOGING SOURCE
Original cataloging agency CO-JMCR
Transcribing agency CO-JMCR
041 0# - LANGUAGE CODE
Language code of text/sound track or separate title spa
082 04 - DEWEY DECIMAL CLASSIFICATION NUMBER
Classification number 338.209861 /
Item number P792m
Edition number 23
100 1# - MAIN ENTRY--PERSONAL NAME
Personal name Ponce Muriel, Álvaro,
Relator term autor
9 (RLIN) 7123
245 10 - TITLE STATEMENT
Title Minería moderna para el progreso de Colombia /
Statement of responsibility, etc. Álvaro Ponce Muriel
250 ## - EDITION STATEMENT
Edition statement Primera edición
260 ## - PUBLICATION, DISTRIBUTION, ETC.
Place of publication, distribution, etc. Bogotá :
Name of publisher, distributor, etc. Sector de la Minería a Gran Escala,
Date of publication, distribution, etc. 2014
300 ## - PHYSICAL DESCRIPTION
Extent 176 páginas :
Other physical details fotografías y gráficos a color ;
Dimensions 24 cm.
504 ## - BIBLIOGRAPHY, ETC. NOTE
Bibliography, etc. note Bibliografía : páginas 173-174
505 0# - FORMATTED CONTENTS NOTE
Formatted contents note Minería para el bienestar de la humanidad -- La industria minera opera en Colombia bajo estricta regulación -- Los compromisos sociales y ambientales de la minería responsable
650 14 - SUBJECT ADDED ENTRY--TOPICAL TERM
Topical term or geographic name entry element Industria minera
Geographic subdivision Colombia
9 (RLIN) 7124
650 14 - SUBJECT ADDED ENTRY--TOPICAL TERM
Topical term or geographic name entry element Política minera
Geographic subdivision Colombia
9 (RLIN) 7125
650 14 - SUBJECT ADDED ENTRY--TOPICAL TERM
Topical term or geographic name entry element Industria minera
General subdivision aspectos ambientales
Geographic subdivision Colombia
9 (RLIN) 7126
942 ## - ADDED ENTRY ELEMENTS (KOHA)
Source of classification or shelving scheme Dewey Decimal Classification
Koha item type Books
Existencias
Withdrawn status Lost status Source of classification or shelving scheme Damaged status Not for loan Collection code Home library Current library Date acquired Source of acquisition Total Checkouts Full call number Barcode Date last seen Date last checked out Copy number Koha item type Price effective from
    Dewey Decimal Classification     Non-fiction Biblioteca Pública José María del Castillo y Rada Biblioteca Pública José María del Castillo y Rada 04/15/2018 Donación 1 338.209861 / P792m 201809645 05/16/2024 10/10/2023 Ej.1 Books  
    Dewey Decimal Classification     Non-fiction Biblioteca Pública José María del Castillo y Rada Biblioteca Pública José María del Castillo y Rada 04/15/2018 Donación   338.209861 / P792m 430000570 05/16/2024   Ej.2 Books 04/15/2018